Financial accounting : (Record no. 209168)
[ view plain ]
| 000 -LEADER | |
|---|---|
| fixed length control field | 00867nam a2200253Ia 4500 |
| 005 - DATE AND TIME OF LATEST TRANSACTION | |
| control field | 20220204174110.0 |
| 008 - FIXED-LENGTH DATA ELEMENTS--GENERAL INFORMATION | |
| fixed length control field | 210716s2007 xx 000 0 und d |
| 020 ## - INTERNATIONAL STANDARD BOOK NUMBER | |
| International Standard Book Number | 9788126551262 |
| 040 ## - CATALOGING SOURCE | |
| Transcribing agency | AIMIT LIBRARY |
| 041 ## - LANGUAGE CODE | |
| Language code of text/sound track or separate title | eng |
| 082 ## - DEWEY DECIMAL CLASSIFICATION NUMBER | |
| Classification number | 657.48 |
| Edition number | 7 |
| Item number | KIMP |
| 100 ## - MAIN ENTRY--PERSONAL NAME | |
| Personal name | Kimmel, Paul D. |
| 9 (RLIN) | 16964 |
| 245 ## - TITLE STATEMENT | |
| Title | Financial accounting : |
| Remainder of title | tools for business decision making / |
| Statement of responsibility, etc. | By Paul D. Kimmel , Jerry J. Weygandt and Donald E.Kieso. |
| 250 ## - EDITION STATEMENT | |
| Edition statement | 7th ed. |
| 260 ## - PUBLICATION, DISTRIBUTION, ETC. | |
| Place of publication, distribution, etc. | New Jersey : |
| Name of publisher, distributor, etc. | John Wiley and Sons , |
| Date of publication, distribution, etc. | 2010. |
| 300 ## - PHYSICAL DESCRIPTION | |
| Extent | xiv,649p,A26-I20p. |
| Dimensions | 27.7 cm. |
| 650 ## - SUBJECT ADDED ENTRY--TOPICAL TERM | |
| Topical term or geographic name entry element | Financial Accounting |
| 9 (RLIN) | 16965 |
| 650 ## - SUBJECT ADDED ENTRY--TOPICAL TERM | |
| Topical term or geographic name entry element | Financial Statements |
| 9 (RLIN) | 16966 |
| 650 ## - SUBJECT ADDED ENTRY--TOPICAL TERM | |
| Topical term or geographic name entry element | The Accounting Information |
| 9 (RLIN) | 16967 |
| 650 ## - SUBJECT ADDED ENTRY--TOPICAL TERM | |
| Topical term or geographic name entry element | Accural Accounting Concepts |
| 9 (RLIN) | 16968 |
| 700 ## - ADDED ENTRY--PERSONAL NAME | |
| Personal name | Weygandt, Jerry J. |
| 9 (RLIN) | 16969 |
| 700 ## - ADDED ENTRY--PERSONAL NAME | |
| Personal name | Kieso, Donald E. |
| 9 (RLIN) | 16970 |
| 942 ## - ADDED ENTRY ELEMENTS (KOHA) | |
| Source of classification or shelving scheme | Dewey Decimal Classification |
| Koha item type | Book |
| Edition | 7th |
| Call number prefix | 657.48 KIMP |
| Withdrawn status | Lost status | Source of classification or shelving scheme | Damaged status | Not for loan | Collection code | Home library | Current library | Date acquired | Cost, normal purchase price | Inventory number | Total Checkouts | Full call number | Barcode | Date last seen | Cost, replacement price | Price effective from | Koha item type | Date last checked out |
|---|---|---|---|---|---|---|---|---|---|---|---|---|---|---|---|---|---|---|
| Dewey Decimal Classification | MBA | St Aloysius Institute of Management & Information Technology | St Aloysius Institute of Management & Information Technology | 03/25/2015 | 819.00 | Bill no:449; Bill dt:2015-03-20 | 657.48 KIMP | MBA11734 | 05/23/2026 | 614.25 | 07/16/2021 | Book | ||||||
| Dewey Decimal Classification | MBA | St Aloysius Institute of Management & Information Technology | St Aloysius Institute of Management & Information Technology | 03/19/2020 | 999.00 | Bill no:931; Bill dt:2020-03-16 | 1 | 657.48 KIMP | MBA14104 | 05/23/2026 | 749.25 | 07/16/2021 | Book | 08/23/2024 |